<?xml version="1.0" encoding="UTF-8"?>
<record
    xmlns:xsi="http://www.w3.org/2001/XMLSchema-instance"
    xsi:schemaLocation="http://www.loc.gov/MARC21/slim http://www.loc.gov/standards/marcxml/schema/MARC21slim.xsd"
    xmlns="http://www.loc.gov/MARC21/slim">

  <leader>00804nam a2200181Ia 4500</leader>
  <controlfield tag="008">090124s9999    xx            000 0 und d</controlfield>
  <datafield tag="082" ind1=" " ind2=" ">
    <subfield code="b">130910</subfield>
  </datafield>
  <datafield tag="100" ind1=" " ind2=" ">
    <subfield code="a">&#x92D;&#x93E;&#x935;&#x947; &#x92A;&#x941;. &#x92D;&#x93E;. (&#x92A;&#x941;&#x930;&#x941;&#x937;&#x94B;&#x924;&#x94D;&#x924;&#x92E; &#x92D;&#x93E;&#x938;&#x94D;&#x915;&#x930;)</subfield>
  </datafield>
  <datafield tag="245" ind1=" " ind2=" ">
    <subfield code="a"> &#x938;&#x93E;&#x930;&#x94D;&#x925;&#x915; (&#x92E;&#x93E;&#x928;&#x935;&#x940; &#x938;&#x94D;&#x935;&#x92D;&#x93E;&#x935; &#x928;&#x93F;&#x935;&#x921;&#x915; &#x915;&#x925;&#x93E; )</subfield>
  </datafield>
  <datafield tag="250" ind1=" " ind2=" ">
    <subfield code="a">1</subfield>
  </datafield>
  <datafield tag="260" ind1=" " ind2=" ">
    <subfield code="c">2002</subfield>
  </datafield>
  <datafield tag="300" ind1=" " ind2=" ">
    <subfield code="a">157</subfield>
  </datafield>
  <datafield tag="600" ind1=" " ind2=" ">
    <subfield code="a">&#x92D;&#x93E;&#x935;&#x947; &#x92A;&#x941;. &#x92D;&#x93E;. (&#x92A;&#x941;&#x930;&#x941;&#x937;&#x94B;&#x924;&#x94D;&#x924;&#x92E; &#x92D;&#x93E;&#x938;&#x94D;&#x915;&#x930;)</subfield>
  </datafield>
  <datafield tag="630" ind1=" " ind2=" ">
    <subfield code="a"> &#x938;&#x93E;&#x930;&#x94D;&#x925;&#x915; (&#x92E;&#x93E;&#x928;&#x935;&#x940; &#x938;&#x94D;&#x935;&#x92D;&#x93E;&#x935; &#x928;&#x93F;&#x935;&#x921;&#x915; &#x915;&#x925;&#x93E; )</subfield>
  </datafield>
  <datafield tag="700" ind1=" " ind2=" ">
    <subfield code="a">&#x92D;&#x93E;&#x935;&#x947; &#x92A;&#x941;. &#x92D;&#x93E;. (&#x92A;&#x941;&#x930;&#x941;&#x937;&#x94B;&#x924;&#x94D;&#x924;&#x92E; &#x92D;&#x93E;&#x938;&#x94D;&#x915;&#x930;)</subfield>
  </datafield>
  <datafield tag="730" ind1=" " ind2=" ">
    <subfield code="a"> &#x938;&#x93E;&#x930;&#x94D;&#x925;&#x915; (&#x92E;&#x93E;&#x928;&#x935;&#x940; &#x938;&#x94D;&#x935;&#x92D;&#x93E;&#x935; &#x928;&#x93F;&#x935;&#x921;&#x915; &#x915;&#x925;&#x93E; )</subfield>
  </datafield>
  <datafield tag="942" ind1=" " ind2=" ">
    <subfield code="c">BOOK</subfield>
  </datafield>
  <datafield tag="999" ind1=" " ind2=" ">
    <subfield code="c">176999</subfield>
    <subfield code="d">176999</subfield>
  </datafield>
  <datafield tag="952" ind1=" " ind2=" ">
    <subfield code="0">0</subfield>
    <subfield code="1">0</subfield>
    <subfield code="4">0</subfield>
    <subfield code="7">0</subfield>
    <subfield code="a">THNMGS</subfield>
    <subfield code="b">THNMGS</subfield>
    <subfield code="d">0000-00-00</subfield>
    <subfield code="g">110.00</subfield>
    <subfield code="l">0</subfield>
    <subfield code="o">130910</subfield>
    <subfield code="p">THNMGS-130910</subfield>
    <subfield code="r">2009-01-24 00:00:00</subfield>
    <subfield code="v">110.00</subfield>
    <subfield code="w">2009-01-24</subfield>
    <subfield code="y">BOOK</subfield>
  </datafield>
</record>
